| 000 | 00429nam a2200169Ia 4500 | ||
|---|---|---|---|
| 003 | GCL | ||
| 008 | 140319s9999 xx 000 0 ara d | ||
| 040 |
_aGCL / _cGCL |
||
| 082 | 0 | 4 |
_a398.17 _bش ت |
| 245 | 1 | 0 | _aالتراث والتاريخ |
| 300 | _a350 ص | ||
| 490 |
_aكتاب _v0 |
||
| 650 | 0 | 4 | _aالادب الشعبى |
| 650 | 0 | 4 | _aالتراث - نظريات |
| 650 | 0 | 4 | _aالتراث - تاريخ |
| 942 |
_2ddc _cBK |
||
| 999 |
_c43009 _d43009 |
||